00000000nam 2200000zi 4500
0019.946727
003CaOODSP
00520250116100002
006m     o  d f      
007cr bn|||||||||
008250110e198601##nscd    o    f000 0 eng d
040 |aCaOODSP|beng|erda|cCaOODSP
043 |an-cn-nk|an-cn-ns|an-us-me
0861 |aEn57-53/1-86E-PDF
1001 |aDanks, Martha M. E., |eauthor.
24510|aBay of Fundy wind climatology : |bSouthwest Head and Gannet Rock / |cM. Danks, M.L. Thiebaux, Jr.
264 1|aBedford, N.S. : |bScientific Services Division, [Atlantic Region, Atmospheric Environment Service], |cJanuary 1986.
300 |a1 online resource (11 pages, 11 unnumbered pages) : |bcharts.
336 |atext|btxt|2rdacontent
337 |acomputer|bc|2rdamedia
338 |aonline resource|bcr|2rdacarrier
4901 |aMAES ; |v1-86
500 |aDigitized edition from print [produced by Environment and Climate Change Canada].
520 |a"The objective of this study is to obtain a statistical analysis of over-water winds in the Bay of Fundy, to determine the relationship of gusts to mean wind, and to determine design winds for this area"--Introduction.
650 0|aWinds|zFundy, Bay of.
650 6|aVents|zFundy, Baie de.
7101 |aCanada. |bAtmospheric Environment Service. |bAtlantic Region, |eissuing body.
830#0|aMAES ;|v1-86.|w(CaOODSP)9.920183
85640|qPDF|s1065 KB|uhttps://publications.gc.ca/collections/collection_2025/eccc/en57/En57-53-1-86-eng.pdf